| 000 | 01201nam a22003137a 4500 | ||
|---|---|---|---|
| 003 | CHAP | ||
| 005 | 20220817042531.0 | ||
| 008 | 971013s1960 r 00010 d | ||
| 010 | _a47416 | ||
| 011 | _a48388 | ||
| 035 | _a52534 | ||
| 040 | _cCHAP | ||
| 100 | 0 | 0 |
_aReyes Cano, Rogelio. _996763 |
| 245 | _aResultados de la aplicación de diferentes productos de aspersión foliar a la caña de azúcar para elevar el contenido final en sacarosa de la propia caña | ||
| 260 |
_aCosamaloapan, Ver. : _bInstituto Tecnológico Azucarero Veracruzano, _c1960 |
||
| 300 | _a12 h. | ||
| 500 | _aPonencia presentada en : Reunión de Técnicos y Consultores del I.T.A.V. (4 : 1960 : Cosamaloapan, Ver.) | ||
| 590 |
_aBATCH-UPD _b10 _c20130109 _lUCH01 _h2321 |
||
| 590 |
_aBATCH-UPD _b10 _c20130110 _lUCH01 _h1810 |
||
| 590 |
_aBATCH-UPD _b10 _c20130410 _lUCH01 _h1145 |
||
| 590 |
_aBATCH-UPD _b10 _c20130914 _lUCH01 _h1427 |
||
| 590 |
_aCONVERSION _b10 _c20130109 _lUCH01 _h1326 |
||
| 650 | 1 | 4 |
_aFertilizantes para caña de azúcar. _940610 |
| 650 | 1 | 4 |
_aFertilizantes _xEfecto en caña de azúcar. |
| 650 | 1 | 4 |
_aSacarosa. _9101122 |
| 901 | _aBK | ||
| 942 | _cFOLL | ||
| 949 |
_bBC _cFOLL _d-116977 _eTS1 _i52534 _si |
||
| 999 |
_c47416 _d47416 |
||